000 00449nam a2200181Ia 4500
005 20250423101727.0
008 250422s9999 xx 000 0 und d
020 _a0044452217
050 _aHQ 1154 .W88/
100 _aGarry, Ann
245 0 _aWomen, knowledge, and reality : exploration in feminist philosophy
260 _aNew York
260 _bUnwin Hyman Inc
260 _c1989
300 _a345 p
650 _aFeminism
942 _cBK
999 _c37099
_d37099